000 00617nam a2200181Ia 4500
003 GCL
008 140319s9999 xx 000 0 ara d
040 _aGCL /
_cGCL
082 0 4 _a011
_bح ك
100 1 _aحاجى خليفة، مصطفى بن عبدالله
245 1 0 _aمن كتاب كشف الظنون عن اسامى الكتب والفنون /
_cحاجى خليفة، مصطفى بن عبدالله
260 _aالعراق :
_bمكتبة المثنى
300 _a470 ص ؛
_c24 سم
650 0 4 _aالكتب
650 0 4 _aالمؤلفون
650 0 4 _aالببليوجرافيا
942 _2ddc
_cBK
999 _c59745
_d59745